Loading...
| History - Other | 0 | 5 | 1 | 2 | 45 | 51 | 103.20 | 0 | 2 | 0.00 | 0.00 |
| Science - Other | 0 | 4 | 2 | 0 | 30 | 47 | 63.50 | 2 | 4 | 0.00 | 0.00 |
| History - European | 0 | 3 | 1 | 1 | 25 | 93 | 110.33 | 0 | 1 | 0.00 | 0.00 |
| Science - Biology | 0 | 2 | 0 | 0 | 20 | 41 | 58.50 | 1 | 2 | 0.00 | 0.00 |
| Social Science | 0 | 2 | 0 | 1 | 20 | 60 | 92.00 | 1 | 2 | 0.00 | 0.00 |
| Religion | 0 | 1 | 0 | 1 | 10 | 130 | 130.00 | 0 | 0 | 0.00 | 0.00 |
| Literature - British | 0 | 1 | 0 | 0 | 10 | 44 | 44.00 | 1 | 1 | 0.00 | 0.00 |
| Science - Chemistry | 0 | 1 | 0 | 0 | 10 | 105 | 105.00 | 0 | 1 | 0.00 | 0.00 |
| Science - Physics | 0 | 1 | 0 | 0 | 10 | 103 | 103.00 | 1 | 1 | 0.00 | 0.00 |
| Mythology | 0 | 1 | 1 | 1 | 5 | 141 | 141.00 | 0 | 0 | 0.00 | 0.00 |
| History - World | 0 | 1 | 2 | 0 | 0 | 121 | 121.00 | 0 | 0 | 0.00 | 0.00 |
| History - American | 0 | 0 | 1 | 0 | -5 | 0.00 | 0 | 0 | 0.00 | 0.00 |